| 000 | 00398nam a2200157Ia 4500 | ||
|---|---|---|---|
| 008 | 230917s9999||||xx |||||||||||||| ||und|| | ||
| 020 | _cRS58.02 | ||
| 040 |
_e41614 _aMAIN |
||
| 041 | _aEnglish | ||
| 082 | _a810.9 M137A | ||
| 100 | _aMcCromic, John | ||
| 245 | 0 | _aAmerican literature 1919-1932-a comparative story | |
| 260 |
_aLondon _bRoutledge _c1971 |
||
| 300 | _axii, 256 p. | ||
| 942 | _cBK | ||
| 999 |
_c108881 _d108881 |
||